<?xml version="1.0" encoding="UTF-8"?>
<marc:record xmlns:marc="http://www.loc.gov/MARC21/slim">
   <marc:leader>00000nam a2200000 a 4500</marc:leader>
   <marc:datafield ind1=" " ind2=" " tag="653">
      <marc:subfield code="a">Komödie</marc:subfield>
   </marc:datafield>
   <marc:datafield ind1="0" ind2="0" tag="245">
      <marc:subfield code="a">Kleine Ziege - Sturer Bock</marc:subfield>
   </marc:datafield>
   <marc:datafield ind1=" " ind2="1" tag="264">
      <marc:subfield code="a">Wien</marc:subfield>
      <marc:subfield code="b">DVD VIDEO</marc:subfield>
      <marc:subfield code="c">2015</marc:subfield>
   </marc:datafield>
   <marc:datafield ind1="1" ind2=" " tag="520">
      <marc:subfield code="a">Jakobs Chancen mit Ende 30 wieder zu Hause bei seinen Eltern zu landen stehen nicht schlecht: als Elvis- Imitator ist er nicht gerade gut bei Kasse... Da taucht völlig überraschend seine 12-jährige Tochter Mai auf, von der er bislang nichts wusste, und will ihren Erzeuger kennenlernen. In Wahrheit möchte das verzogene Mädchen jedoch nur ihrer Mutter eins auswischen und stellt Jakobs eh schon chaotische Welt auf den Kopf. Der Zeitpunkt ist denkbar ungünstig, hat Jakob doch gerade einen Job als Fahrer angenommen. Das Auto: ein klappriger Kastenwagen. Die Fracht: ein Schafbock. Das Ziel: Norwegen. Jakob bleibt keine Wahl: Mai muss ihn begleiten... Und so beginnt für Beide in Begleitung eines muffelnden, eigensinnigen, musikalisch jedoch äußerst versierten Schafs ein turbulenter Road Trip.</marc:subfield>
   </marc:datafield>
   <marc:datafield ind1=" " ind2=" " tag="041">
      <marc:subfield code="a">ger</marc:subfield>
   </marc:datafield>
   <marc:datafield ind1=" " ind2=" " tag="338">
      <marc:subfield code="a">Videodisk</marc:subfield>
   </marc:datafield>
</marc:record>
